Представление документа в формате RUSMARC

ПолеНазваниеЗначение
  Тип записи a
  Библиографический уровень m
001 Контрольный номер RU/REG73/CBS_GRAD/365546e6086e464fbd290f9b64e39319
005 Дата корректировки 20230811102952.3
100 Данные общей обработки __
a Данные общей обработки 20230811d 0rusy0189## ca
101 Язык документа 0_
a Язык текста rus
102 Страна публикации __
a Страна публикации RU
200 Заглавие и сведения об ответственности 1_
a Заглавие Приключения знаменитых книг
f Первые сведения об ответственности Джон Винтерих; перевод с английского Е. Сквайрс; предисловие и послесловие Д. Урнова
203 Вид содержания и тип средства __
a Вид содержания Текст
c Тип средства непосредственный
210 Выходные данные 1_
a Место издания Москва
c Издательство Книга
d Дата издания 1985
215 Физическое описание __
a Объем 255 с
c Иллюстрации/тип воспроизводства ил
225 Серия 2_
a Серия Судьбы книг
686 Индексы других классификаций __
a Классификационный индекс 76.1
700 Автор _1
a Фамилия Винтерих
g Полное личное имя Джон
801 Источник записи _0
a Страна RU
b Организация RuCBSGrad
c Дата составления 20230811
g Правила каталогизации RCR
801 Источник записи _1
a Страна RU
b Организация RuCBSGrad
c Дата составления 20230811
g Правила каталогизации RCR
852 Данные о местонахождении __
i Авторский знак В 50
901 Тип документа __
t Тип документа m